| 000 | 00989nam a2200229 a 4500 | ||
|---|---|---|---|
| 001 | 000026431 | ||
| 003 | AM-YEHGA | ||
| 005 | 20250617121113.0 | ||
| 008 | 001023s1950 fr ||||grb||||||1|||arm|| | ||
| 040 | _aAM-YeHGA | ||
| 041 | 0 | _aarm | |
| 245 | 0 | 0 |
_aՄայր Ցուցակ Հայերէն Ձեռագրաց Եւրոպայի Մասնաւոր Հավաքումներու / _cԿազմ. արքեպիսկոպոս Ա. Սիւրմէեան. |
| 246 | 1 | 3 | _aՄայր ցուցակ հայերեն ձեռագրաց Եվրոպայի մասնավոր հավաքումներու |
| 260 |
_aՓարիզ : _bԳեղ. Տպ. Խ. Մաթիկեան, _c1950. |
||
| 300 | _aհատոր | ||
| 500 | _aՍյունակագիր | ||
| 505 | 1 | 0 | _gՀ. 1 (1950; 90 էջ) |
| 650 | 1 | 4 | _aՀայկական ձեռագրերը Եվրոպայի մասնավոր հավաքածուներում |
| 700 | 1 |
_aՍյուրմեյան, Արտավազդ _cարքեպիսկոպոս, _d1889-1951 _4com |
|
| 942 |
_2udc _cBK |
||
| 090 | _c11223 | ||
| 999 |
_c11142 _d11142 |
||